000 00340nmm a2200145 a 4500
003 AR-BaBNM
005 20251128203119.0
008 033119s1898 ||||||||||||||000 | spa||
040 _cAR-BaBNM
100 1 _aBalzac, Honoré de
245 1 0 _aUn ménage de garçon
260 _a[S.l.]
_bCalmann-Levy
_c1898
942 _cBK
998 _cBertuna
999 _c1956
_d1956